000 00259nam a22001217a 4500
008 181224b xxu||||| |||| 00| 0 eng d
041 _aeng
080 _a370
100 _a370
101 _aEDU
245 _aGuide to Writing
_cGlen.CH
942 _2udc
_cBK
999 _c53740
_d53740